Statistics for Star Wars Planets Quiz

Click here to take the quiz!

General Stats

  • This quiz has been taken 41 times
  • The average score is 16 of 21

Answer Stats

HintAnswer% Correct
Where Luke Grew UpTatooine
100%
Princess Leia's PlanetAlderaan
97%
Where The Gungans LiveNaboo
97%
Where The Clones Were CreatedKamino
94%
Where Obi-Wan Got The High GroundMustafar
94%
Where Rey Lived As A ScavengerJakku
91%
Where Yoda Went Into ExileDagobah
86%
Where Darth Maul And Savage Oppress Are FromDathomir
86%
Where The Ewoks LiveEndor
83%
Where General Grievous DiedUtapau
83%
Where Cloud City IsBespin
80%
Where The Jedi Temple Is LocatedCoruscant
80%
Where The Wookies Are FromKashyyyk
80%
Where The First Battle Of The Clone Wars Took PlaceGeonosis
77%
Where Han Solo Went In Less Than 12 ParsecsKessel
63%
Where The Rebel Base Was In Episode IVYavin 4
63%
Where Maz's Castle Is LocatedTakodana
54%
Where The Clone Of Darth Sidious WasExegol
49%
Where Kyber Crystals Are FoundIlum
46%
Where Luke Went Into HidingAch To
37%
Where Luke And Leia Are BornPolis Massa
29%

Score Distribution

Percentile by Number Answered

Percent of People with Each Score

Your Score History

You have not taken this quiz